IETU e IDE Impuestos empresarial a tasa n︢ica y a los deps̤itos en efectivo : Actualizaciones

Detalles Bibliográficos
Formato: eBook
Lenguaje:español
Publicado: Mx̌ico D.F. : Comisin̤ fiscal Colegio de contadores Pb︢licos de Mx̌ico, A.C. : Instituto Mexicano de Contadores Pb︢licos, 2008
Materias:
Acceso en línea:http://www.vlex.com/source/7061

MARC

LEADER 00000nam a22000007a 4500
005 20130226180048.0
007 cr|||| ||||
008 130226e2008 mx |||||s|||| 00||0 spa d
020 |a 978-970-665-321-5 
035 |a 7061 
040 |a vLex 
090 |c 3775  |d 3775 
245 0 0 |a IETU e IDE  |b Impuestos empresarial a tasa n︢ica y a los deps̤itos en efectivo : Actualizaciones  |h [Recurso electrn̤ico] 
256 |a Servicio en ln̕ea 
260 |a Mx̌ico D.F. :  |b Comisin̤ fiscal Colegio de contadores Pb︢licos de Mx̌ico, A.C. : Instituto Mexicano de Contadores Pb︢licos,   |c 2008 
300 |a 1 Recurso electrn̤ico 
650 0 4 |a Derecho tributario  |z Mx̌ico 
650 0 4 |a Empresa   |z Mx̌ico 
650 0 4 |a Administracin̤ (Management) 
740 |a vLex Libros (Servicio en ln̕ea) 
856 |a Acceso restringido  |u http://www.vlex.com/source/7061 
942 |c BOOK 
999 0 |a Taxation